Symbolic logic : an introductory textbook for non-mathematicians

Αποθηκεύτηκε σε:
Λεπτομέρειες βιβλιογραφικής εγγραφής
Κύριος συγγραφέας: Lee, Harold N. (Harold Newton), 1899-1990
Μορφή: Βιβλίο
Γλώσσα:English
Δημοσίευση: London : Routledge & Kegan Paul Limited, c1961.
Θέματα:
Ετικέτες: Προσθήκη ετικέτας
Δεν υπάρχουν, Καταχωρήστε ετικέτα πρώτοι!

MARC

LEADER 00000cam a2200000 a 4500
001 1/115897
008 180212t1961####enk| ||| |||| ||eng||
040 |a GR-MyUa  |b gre  |c GR-MyUa  |e AACR2 
041 0 |a eng 
082 7 |a 511.3  |2 (23) 
100 1 |a Lee, Harold N.   |q (Harold Newton),   |d 1899-1990. 
245 1 0 |a Symbolic logic :  |b  an introductory textbook for non-mathematicians /   |c by Harold Newton Lee.  
260 |a London :   |b Routledge & Kegan Paul Limited,   |c c1961.  
300 |a ix, 356 σ. ;   |c 22 εκ.  
504 |a Περιέχει βιβλιογραφικές αναφορές και ευρετήριο.  
650 0 |a Logic, Symbolic and mathematical 
852 |a INST  |b SAMOS  |e 20180212  |h 511.3 LEE  |p 005300045205  |q 005300045205  |t BK  |y 0 
970 |a Γουβάλα  |b Βάσω  |z 12-2-2018